000 00285nam a22001217a 4500
008 160422b xxu||||| |||| 00| 0 eng d
020 _a9780827362727
020 _a0827362722
041 _aeng
080 _a618.2
245 _aThe executive nurse :
_cSandra R. Byers;
942 _2udc
_cBK
999 _c1510
_d1510